<?xml version="1.0" encoding="UTF-8"?>
<collection xmlns="http://www.loc.gov/MARC21/slim">
 <record>
  <leader>00934nam a22002295a 4500</leader>
  <controlfield tag="001">EEA.libagro011406</controlfield>
  <controlfield tag="008">220526s1984####mx#a##########000#0#spa#d</controlfield>
  <controlfield tag="005">20220527120502.0</controlfield>
  <datafield tag="245" ind1="1" ind2="0">
   <subfield code="a">Guía para la identificación de enfermedades en cereales de grano pequeño /</subfield>
   <subfield code="c">F.J. Zillinsky.</subfield>
  </datafield>
  <datafield tag="260" ind1=" " ind2=" ">
   <subfield code="a">México :</subfield>
   <subfield code="b">CIMMYT,</subfield>
   <subfield code="c">1984.</subfield>
  </datafield>
  <datafield tag="300" ind1=" " ind2=" ">
   <subfield code="a">141 p. :</subfield>
   <subfield code="b">il. col. ;</subfield>
   <subfield code="c">27,5 cm.</subfield>
  </datafield>
  <datafield tag="100" ind1="1" ind2=" ">
   <subfield code="a">Zillinsky, F. J.</subfield>
  </datafield>
  <datafield tag="710" ind1="2" ind2=" ">
   <subfield code="a">Centro Internacional de Mejoramiento de Maíz y Trigo.</subfield>
  </datafield>
  <datafield tag="710" ind1="2" ind2=" ">
   <subfield code="a">International Maize and Wheat Improvement Center.</subfield>
  </datafield>
  <datafield tag="082" ind1="0" ind2="4">
   <subfield code="a">633.1049</subfield>
  </datafield>
  <datafield tag="650" ind1=" " ind2="7">
   <subfield code="a">Trigo</subfield>
   <subfield code="2">agrovoc</subfield>
  </datafield>
  <datafield tag="650" ind1=" " ind2="7">
   <subfield code="a">Cereales</subfield>
   <subfield code="2">agrovoc</subfield>
  </datafield>
  <datafield tag="650" ind1=" " ind2="7">
   <subfield code="a">Enfermedades de las plantas</subfield>
   <subfield code="2">agrovoc</subfield>
  </datafield>
  <datafield tag="650" ind1=" " ind2="7">
   <subfield code="a">Enfermedades bacterianas</subfield>
   <subfield code="2">agrovoc</subfield>
  </datafield>
  <datafield tag="650" ind1=" " ind2="7">
   <subfield code="a">Fusarium</subfield>
   <subfield code="2">agrovoc</subfield>
  </datafield>
  <datafield tag="856" ind1="4" ind2="1">
   <subfield code="3">Acceso a texto completo</subfield>
   <subfield code="u">https://repository.cimmyt.org/bitstream/handle/10883/1105/13166.pdf?sequence=1&amp;isAllowed=y</subfield>
  </datafield>
  <datafield tag="859" ind1=" " ind2=" ">
   <subfield code="a">AR-BbBCA</subfield>
   <subfield code="b">BIB. AGRONOMIA</subfield>
   <subfield code="h">633.1049</subfield>
   <subfield code="i">Z69</subfield>
   <subfield code="p">2022/7212</subfield>
  </datafield>
 </record>
</collection>
